000 00869nam0a2200301 4500
001 RU\NLR\bibl\21604
005 20250615015227.0
010 _a5-237-01554-9
_910000
021 _aRU
_b99-7527
_9362
035 _a(NLR Aleph) 000021052
090 _a96641
_c96641
100 _a19990412d1999 |||y0rusy50 ca
101 1 _arus
_ceng
102 _aRU
105 _a|||||||||||||
200 1 _aКарибский круиз
_e[Роман]
_fДжейн Хеллер
_g[Пер. с англ. С.П. Бавина]
210 _aМ.
_cАСТ
_d1999
215 _a462 с.
_d17
225 1 _aИнтрига
_vВып. 14
686 _aШ6(7США)67-440.4
700 1 _aХеллер
_bД.
_gДжейн
_4070
801 0 _aRU
_bNLR
_c19990412
_gPSBO
801 1 _aRU
_bNLR
_c19990412
852 _aNLR
_j99-2/249
942 _cBOOK
980 _aNB